00626nam a2200217Ia 4500003000400000005001700004006001800021007000300039008004100042024000900083037001100092040001800103041001300121100001800134110006900152245006100221260000900282650001400291700003400305700006900339OSt20220930065858.0a|||||r|||| 00| 0ta220926b |||||||| |||| 00| 0 eng d a6207 cTheses aCRLcCRLbeng 2engaeng aPaul Sukh Deo aUniversity of Delhi. Faculty of Science. Department of Chemistry 0aInvestigation on organic compounds in inorganic analysis c1958 aCHEMISTRY a Prof T R Seshadri Supervisor aUniversity of Delhi. Faculty of Science. Department of Chemistry